El código de la felicidad o Arte de ser feliz en el matrimonio / (Record no. 44629)

MARC details
000 -LEADER
campo de control de longitud fija 00555nam a2200169 i 4500
001 - NÚMERO DE CONTROL
campo de control 44629
003 - IDENTIFICADOR DE NÚMERO DE CONTROL
campo de control ES-MaACL
005 - FECHA Y HORA DE LA ÚLTIMA TRANSACCIÓN
campo de control 20230906161051.0
007 - CAMPO FIJO DE DESCRIPCIÓN FÍSICA--INFORMACIÓN GENERAL
campo de control de longitud fija t|
008 - DATOS DE LONGITUD FIJA--INFORMACIÓN GENERAL
campo de control de longitud fija 030321s1967 sp ||||1| spa d
245 03 - MENCIÓN DEL TÍTULO
Título El código de la felicidad o Arte de ser feliz en el matrimonio /
Mención de responsabilidad, etc. traducción del francés por María Esther Vigón.
260 ## - PUBLICACIÓN, DISTRIBUCIÓN, ETC.
Lugar de publicación, distribución, etc. Madrid :
Nombre del editor, distribuidor, etc. Studium,
Fecha de publicación, distribución, etc. [1967]
300 ## - DESCRIPCIÓN FÍSICA
Extensión 103 p. :
Otras características físicas il. ;
Dimensiones 20 cm.
700 1# - ENTRADA AGREGADA--NOMBRE PERSONAL
Nombre de persona Vigón, María Esther.
9 (RLIN) 114666
740 0# - ENTRADA AGREGADA--TÍTULO RELACIONADO/ANALÍTICO NO CONTROLADO
Título relacionado o analítico no controlado Arte de ser feliz en el matrimonio.
852 ## - LOCALIZACIÓN
Ubicación ES-MaACL
Número de control de estantería C-33311
Sublocalización o colección R.64181
Holdings
Estatus retirado Estado de pérdida Estado de daño No para préstamo Biblioteca de origen Biblioteca actual Ubicación en estantería Fecha de adquisición Fuente de adquisición Total de préstamos Signatura topográfica completa Código de barras Visto por última vez Precio de reemplazo Tipo de ítem Koha
        Biblioteca del Ateneo de Madrid Biblioteca del Ateneo de Madrid Depósito 2 17/01/2008     C-33311 1046971 23/02/2023 23/02/2023 Libro impreso